[Event "EU-ch Rapid"]
[Site "Katowice"]
[Date "2022.12.17"]
[Round "1"]
[White "Wojtowicz, Marek"]
[Black "Paehtz, Elisabeth"]
[Result "0-1"]
[WhiteElo "1469"]
[BlackElo "2464"]
[PlyCount "68"]
[EventDate "2022.12.17"]
[EventType "swiss (rapid)"]
[EventRounds "11"]
[EventCountry "POL"]
[SourceTitle "CBM 211 Extra"]
[Source "ChessBase"]
[SourceDate "2023.01.31"]
[SourceVersion "1"]
[SourceVersionDate "2023.01.31"]
[SourceQuality "1"]

1. e4 c5 2. Nc3 Nc6 3. g3 g6 4. Bg2 Bg7 5. d3 d6 6. Be3 Nd4 7. Qd2 Qa5 8. f4 Nh6 9. h3 f5 10. Nf3 0-0 11. 0-0 Bd7 12. Rf2 Rae8 13. Nd1 Qxd2 14. Rxd2 fxe4 15. dxe4 Nxf3+ 16. Bxf3 Bxh3 17. Nf2 Bc8 18. c3 Nf7 19. Rad1 Be6 20. a4 Bc4 21. Be2 Bxe2 22. Rxe2 Nd8 23. Nd3 Nc6 24. Kg2 b6 25. Bf2 e5 26. Kf3 exf4 27. gxf4 Rf7 28. Bg3 Ne5+ 29. Kg2 Nc4 30. Nf2 Bh6 31. Nh3 Rfe7 32. b3 Na5 33. b4 Nc4 34. Rde1 Bg7 0-1